CAE: Advanced masterclass; Teacher's Book

Λεπτομέρειες βιβλιογραφικής εγγραφής
Κύριος συγγραφέας: Aspinall T. Tricia
Άλλοι συγγραφείς: Capel A. Annette
Γλώσσα:Αγγλικά
Έκδοση: New York, Oxford University Press, 2000
Έκδοση:3-rd ed.
Θέματα:
Μορφή: Βιβλίο
KOHA link:https://koha.lib.tpu.ru/cgi-bin/koha/opac-detail.pl?biblionumber=61090

MARC

LEADER 00000nam0a2200000 4500
001 61090
005 20231101211926.0
010 |a 0194534286 
035 |a (RuTPU)RU\TPU\book\64621 
090 |a 61090 
100 |a 20040302d2000 m y0engy50 ba 
101 0 |a eng 
102 |a US 
105 |a a j 000zy 
200 1 |a CAE  |e Advanced masterclass  |e Teacher's Book  |f T. Aspinall, A. Capel 
205 |a 3-rd ed. 
210 |a New York  |c Oxford University Press  |d 2000 
215 |a 136 с.  |c il. 
606 1 |a Английский язык  |x Учебные руководства и пособия  |x Учебные руководства и пособия для высшей школы  |2 stltpush  |3 (RuTPU)RU\TPU\subj\29071  |9 52483 
610 1 |a сертификаты 
610 1 |a грамматика 
610 1 |a лексика 
610 1 |a разговорная речь 
610 1 |a методика 
610 1 |a обучение 
610 1 |a преподавание 
686 |a Ш143.21-923  |v LBC/SL-A  |2 rubbk 
700 1 |a Aspinall  |b T.  |g Tricia 
701 1 |a Capel  |b A.  |g Annette 
801 1 |a RU  |b 63413507  |c 20040302  |g PSBO 
801 2 |a RU  |b 63413507  |c 20221205  |g PSBO 
942 |c BK